MARC

LEADER 00000nam0a2200000 4500
001 141214
005 20231031142352.0
010 |a 1402022298 
035 |a (RuTPU)RU\TPU\book\153064 
090 |a 141214 
100 |a 20080806d2001 k y0engy50 ba 
101 0 |a eng 
102 |a NL 
105 |a a z 001zy 
200 1 |a The New Science of Astrobiology. From Genesis of the Living Cell to Evolution of Intelligent Behaviour in the Universe  |f J. Chela-Flores 
210 |a Dordrecht  |c Kluwer Academic Publishers  |d 2001 
215 |a 251 p.  |c il. 
320 |a Glossary: p. 215-226. 
320 |a Index: p. 239-247. 
610 1 |a астробиология 
610 1 |a Вселенная 
610 1 |a жизнь 
610 1 |a происхождение 
610 1 |a эволюция 
610 1 |a внеземной разум 
610 1 |a новые планеты 
610 1 |a биомолекулы 
610 1 |a внеземная жизнь 
610 1 |a английский язык 
675 |a 52:57  |v 3 
700 1 |a Chela-Flores  |b J.  |g Julian 
801 1 |a RU  |b 63413507  |c 20080806  |g PSBO 
801 2 |a RU  |b 63413507  |c 20080919  |g PSBO 
942 |c BK